| 000 | 00551nam a22001697a 4500 | ||
|---|---|---|---|
| 003 | NUST | ||
| 038 | _aNusrat Nadeem | ||
| 082 | _a200 | ||
| 100 |
_aMehmood, Sarmad _9124163 |
||
| 245 |
_aGenetic Studies in Pakistani Families with Hereditary Neurological Disorders/ _cSarmad Mehmood |
||
| 264 |
_aIslamabad; _bASAB NUST; _c2021. |
||
| 300 |
_a149,p; _bill; _c30,cm. |
||
| 650 |
_aPhD-Virology and Immunology _9123898 |
||
| 700 |
_aSupervisor:Dr.Peter John _9123944 |
||
| 856 | _uhttp://10.250.8.41:8080/xmlui/handle/123456789/34714 | ||
| 942 |
_2ddc _cSC |
||
| 999 |
_c610109 _d610109 |
||